Biblioteka Instytutu Północnego w Olsztynie

Widok standardowy Widok MARC

Pozycja Corporate Name

Liczba rekordów, w których użyto hasła: 1

001 - Numer kontrolny

  • control field: 39367

003 - Identyfikator numeru kontrolnego

  • control field: NUKAT

005 - Data i czas ostatniej modyfikacji

  • control field: 20260331231449.0

008 - Dane kontrolne kodowane (40 znaków)

  • fixed length control field: 160422n||azznnbabn |a ana |

010 ## - Numer kontrolny Biblioteki Kongresu

  • numer kontrolny LC: p 2016195927

024 7# - OTHER STANDARD IDENTIFIER

  • Standard number or code: 311253417
  • Source of number or code: viaf

035 ## - Numer systemowy

  • numer systemowy: a3396368x

040 ## - Instytucja sporządzająca rekord

  • inst. przygot. dane do rek. khw: WA N
  • język haseł przedmiotowych/tezaurus: DBN
  • inst. wprow. rek. khw: WA N

043 ## - Kod obszaru geograficznego

  • ISO code: LT
  • ISO code: PL

046 ## - Special dates

  • Establishment date: 1922
  • Termination date: 1939

110 2# - Hasło - nazwa ciała zbiorowego

  • nazwa ciała zbior. lub geogr. na pocz.: Kuratorium Okręgu Szkolnego Wileńskiego

370 ## - Associated place

  • Country: Polska
  • Country: Litwa
  • Residence/HQ: Wilno (Litwa)

410 2# - Trop zob. - nazwa ciała zbiorowego

  • nazwa ciała zbior. lub geogr. na pocz.: Kuratorjum OSW

410 1# - Trop zob. - nazwa ciała zbiorowego

  • nazwa ciała zbior. lub geogr. na pocz.: Województwo Wileńskie.
  • nazwa jednostki podrzędnej: Kuratorium Okręgu Szkolnego

510 2# - Trop zob. też - nazwa ciała zbiorowego

  • podpole kontrolne: h
  • nazwa ciała zbior. lub geogr. na pocz.: Centralna Biblioteka Pedagogiczna Kuratorium Okręgu Szkolnego Wileńskiego

510 2# - Trop zob. też - nazwa ciała zbiorowego

  • podpole kontrolne: h
  • nazwa ciała zbior. lub geogr. na pocz.: Komisja Wycieczkowa Kuratorium Okręgu Szkolnego Wileńskiego

665 ## - Nota historyczna

  • nota historyczna: Okręg Szkolny Wileński utworzony rozporządzeniem Ministra Wyznań Religijnych i Oświecenia Publicznego z 3 maja 1922 r. o utworzeniu Okręgu Szkolnego Wileńskiego (Dz.Urz. RP 1922, Nr 34, poz. 283) z siedzibą kuratora w Wilnie. Rozporządzenie weszło w życie 16 maja 1922.

670 ## - Źródło informacji

  • źródło informacji: Dziennik Urzędowy Okręgu Szkolnego Wileńskiego. - 1922, nr 1 (7 sierpnia).
Biblioteka Instytutu Północnego, ul. Partyzantów 87, 10-402 Olsztyn, email: biblioteka(at)ip.olsztyn.pl